La Russie sous la botte nazie
Spremljeno u:
| Glavni autor: | |
|---|---|
| Format: | Knjiga |
| Jezik: | francuski |
| Izdano: |
París
Fayard
1970
|
| Serija: | L'Histoire Sans Frontières
|
| Teme: | |
| Oznake: |
Dodaj oznaku
Bez oznaka, Budi prvi tko označuje ovaj zapis!
|
MARC
| LEADER | 00000nam a2200000 a 4500 | ||
|---|---|---|---|
| 001 | UCO2167 | ||
| 003 | CL-VaPUC | ||
| 008 | 000602e19700000FR |||||||||||||||||fre|d | ||
| 082 | 0 | 4 | |a 327.47043 |b DAL |2 21 |
| 100 | 0 | |a Dallin, Alexander |e author |9 445071 | |
| 245 | 1 | 3 | |a La Russie sous la botte nazie |
| 300 | |a 493 p | ||
| 942 | |c BK | ||
| 945 | |d 20000602 00:00:00 |a rherrera | ||
| 260 | |a París |b Fayard |c 1970 | ||
| 600 | 0 | 7 | |a HITLER, ADOLF |2 CL-VaPUC |9 314510 |
| 650 | 0 | |a Relaciones Internacionales |9 255740 | |
| 650 | 7 | |a HISTORIA DE RUSIA 1914-1917 |2 CL-VaPUC |9 445072 | |
| 650 | 0 | |a Primera Guerra Mundial |9 373283 | |
| 650 | 0 | |a Segunda Guerra Mundial |9 325982 | |
| 650 | 0 | |a Nazismo |9 347078 | |
| 651 | 0 | |a Alemania |9 255688 | |
| 651 | 0 | |a Rusia |9 256106 | |
| 583 | |a last modification |c 20181011 11:08:06 |k Rodrigo Vera | ||
| 490 | 0 | |a L'Histoire Sans Frontières | |
| 999 | |c 288706 |d 288704 | ||
| 952 | |0 0 |1 0 |4 0 |6 327_470430000000000_DAL_1970 |7 0 |8 A |9 336604 |a BIBHIS |b BIBHIS |d 2019-11-20 |i 1283057 |o 327.47043 DAL 1970 |p 1283057 |r 2025-01-20 |w 2019-11-20 |y BK |k HIS | ||